Letters of Marcus Tullius Cicero with his treatises on friendship and old age. Letters of Gaius Plinius Caecilius Secundus
Gardado en:
| Autor Principal: | |
|---|---|
| Formato: | Libro |
| Idioma: | Undetermined |
| Publicado: |
New York, Estados Unidos
P. F. Collier & Son Corporation
1937
|
| Materias: | |
| Etiquetas: |
Engadir etiqueta
Sen Etiquetas, Sexa o primeiro en etiquetar este rexistro!
|
MARC
| LEADER | 00000nam a2200000Ia 4500 | ||
|---|---|---|---|
| 008 | 170316s9999 xx 000 0 und d | ||
| 040 | |a cru BVZT | ||
| 090 | |a CL | ||
| 100 | |a Cicero and Plinio | ||
| 245 | |a Letters of Marcus Tullius Cicero with his treatises on friendship and old age. Letters of Gaius Plinius Caecilius Secundus | ||
| 260 | |a New York, Estados Unidos | ||
| 260 | |b P. F. Collier & Son Corporation | ||
| 260 | |c 1937 | ||
| 300 | |a 416 páginas Vol. 9 | ||
| 650 | |a LITERATURA CLÁSICA | ||
| 999 | |c 14903 |d 14903 | ||
| 942 | |c 15 D |h CL |2 z | ||
